| 000 | 00687nam a2200205 a 4500 | ||
|---|---|---|---|
| 005 | 20210223131008.0 | ||
| 008 | 090526s2006 ve r 000 0 spa d | ||
| 020 | _a9803883097 | ||
| 035 | _aUPN01000170647 | ||
| 049 | _aCG | ||
| 050 | 4 |
_aQA28 _bJ5.5 |
|
| 100 | 1 | _aJiménez, Douglas | |
| 245 | 1 | 0 |
_aMatemáticos que cambiarón al mundo : _bvidas de genios del número y la forma que fueron famosos y dejaron huella en la historia / _cDouglas Jiménez. |
| 260 |
_aCaracas : _bLos libros de El Nacional, _c2006. |
||
| 300 |
_a170 p. : _bil. col. |
||
| 440 | 0 |
_aArcadia ; _v39 |
|
| 650 | 4 |
_aMATEMATICOS - _vBIOGRAFIA _922465 |
|
| 650 | 4 |
_aMATEMATICAS - _xHISTORIA _916762 |
|
| 905 | _aLibro | ||
| 999 |
_c142752 _d142752 |
||